[Event "MR"]
[Site "Rzeszow"]
[Date "2017.11.10"]
[Round "5.3"]
[White "Wozniak, Maciej"]
[Black "Ziemniak, Piotr"]
[Result "1/2-1/2"]
[LiveChessVersion "1.4.8"]
[BlackElo "1810"]
[WhiteElo "2045"]

1. e4 {[%clk 1:25:04]} c5 {[%clk 1:30:06]} 2. Nf3 {[%clk 1:25:21]} d6
{[%clk 1:30:33]} 3. d4 {[%clk 1:25:43]} cxd4 {[%clk 1:31:00]} 4. Nxd4
{[%clk 1:26:05]} Nf6 {[%clk 1:31:25]} 5. Nc3 {[%clk 1:26:28]} a6 {[%clk 1:31:52]}
6. Bg5 {[%clk 1:26:47]} e6 {[%clk 1:31:39]} 7. f4 {[%clk 1:26:58]} Be7
{[%clk 1:30:40]} 8. Qf3 {[%clk 1:27:10]} Qc7 {[%clk 1:30:01]} 9. O-O-O
{[%clk 1:27:25]} b5 {[%clk 1:27:27]} 10. Bxf6 {[%clk 0:57:21]} gxf6
{[%clk 1:25:39]} 11. a3 {[%clk 0:43:12]} Nc6 {[%clk 1:20:37]} 12. f5
{[%clk 0:27:32]} Nxd4 {[%clk 1:12:11]} 13. Rxd4 {[%clk 0:27:56]} Qc5
{[%clk 1:10:43]} 14. Qd1 {[%clk 0:25:30]} Bd7 {[%clk 1:02:38]} 15. Be2
{[%clk 0:24:11]} a5 {[%clk 0:58:51]} 16. fxe6 {[%clk 0:20:23]} fxe6
{[%clk 0:58:36]} 17. Bh5+ {[%clk 0:16:57]} Kd8 {[%clk 0:57:47]} 18. Bf3
{[%clk 0:12:21]} Ra7 {[%clk 0:55:14]} 19. Qd3 {[%clk 0:09:00]} b4
{[%clk 0:53:03]} 20. Nb1 {[%clk 0:08:06]} Bb5 {[%clk 0:50:29]} 21. Qd2
{[%clk 0:07:46]} b3 {[%clk 0:41:34]} 22. Nc3 {[%clk 0:05:12]} bxc2
{[%clk 0:39:20]} 23. Kxc2 {[%clk 0:05:20]} Rc7 {[%clk 0:37:28]} 24. Kb1
{[%clk 0:05:24]} Kd7 {[%clk 0:29:03]} 25. Rd1 {[%clk 0:03:49]} Rb8
{[%clk 0:27:49]} 26. Ka1 {[%clk 0:02:38]} Bc4 {[%clk 0:19:50]} 27. Na4
{[%clk 0:01:49]} Qe5 {[%clk 0:16:58]} 28. Rc1 {[%clk 0:01:30]} Bb3
{[%clk 0:13:17]} 29. Rxc7+ {[%clk 0:00:57]} Kxc7 {[%clk 0:13:41]} 30. Qc3+
{[%clk 0:01:06]} Kd8 {[%clk 0:10:19]} 31. Nc5 {[%clk 0:01:20]} a4
{[%clk 0:09:33]} 32. Nxa4 {[%clk 0:00:38]} Rc8 {[%clk 0:08:19]} 33. Qe3
{[%clk 0:00:33]} Qxd4 {[%clk 0:08:33]} 34. Qxb3 {[%clk 0:00:35]} Rc1+
{[%clk 0:05:31]} 35. Ka2 {[%clk 0:01:02]} Qc4 {[%clk 0:05:56]} 36. Qxc4
{[%clk 0:00:46]} Rxc4 {[%clk 0:06:22]} 37. b4 {[%clk 0:00:51]} Kc7
{[%clk 0:05:24]} 38. Kb3 {[%clk 0:00:59]} Rc1 {[%clk 0:04:56]} 39. Nc3
{[%clk 0:01:12]} Kb6 {[%clk 0:03:53]} 40. Bd1 {[%clk 0:01:21]} f5
{[%clk 0:02:45]} 41. Kb2 {[%clk 0:00:38]} Bg5 {[%clk 0:02:34]} 42. exf5
{[%clk 0:00:36]} exf5 {[%clk 0:02:47]} 43. h4 {[%clk 0:00:45]} Bd2
{[%clk 0:02:37]} 44. Bc2 {[%clk 0:00:42]} Rg1 {[%clk 0:02:34]} 45. Bxf5
{[%clk 0:00:52]} Rxg2 {[%clk 0:02:33]} 46. Bxh7 {[%clk 0:00:48]} Bg5+
{[%clk 0:01:38]} 47. Kb3 {[%clk 0:00:52]} Bxh4 {[%clk 0:01:48]} 48. Be4
{[%clk 0:01:05]} Rg3 {[%clk 0:02:06]} 49. Kc4 {[%clk 0:01:25]} Ka6
{[%clk 0:01:59]} 50. a4 {[%clk 0:01:39]} Bf6 {[%clk 0:02:08]} 51. Nd5
{[%clk 0:01:29]} Be5 {[%clk 0:02:27]} 52. a5 {[%clk 0:00:42]} Rg4
{[%clk 0:02:40]} 53. Nc7+ {[%clk 0:00:52]} Ka7 {[%clk 0:03:00]} 54. Kd5
{[%clk 0:00:49]} Rg1 {[%clk 0:02:24]} 55. b5 {[%clk 0:00:54]} Rd1+
{[%clk 0:01:32]} 56. Ke6 {[%clk 0:01:13]} Bd4 {[%clk 0:00:39]} 57. Bd5
{[%clk 0:00:35]} Bc5 {[%clk 0:00:45]} 58. Kd7 {[%clk 0:00:40]} Rb1
{[%clk 0:00:50]} 59. Bc6 {[%clk 0:00:56]} Ra1 {[%clk 0:01:08]} 60. a6
{[%clk 0:00:56]} Rg1 {[%clk 0:01:04]} 61. Nd5 {[%clk 0:01:06]} Rg7+
{[%clk 0:01:17]} 62. Ke6 {[%clk 0:01:26]} Rg6+ {[%clk 0:01:13]} 63. Kd7
{[%clk 0:01:39]} Rg7+ {[%clk 0:01:17]} 64. Ke6 {[%clk 0:01:27]} Rg6+
{[%clk 0:00:59]} 65. Kd7 {[%clk 0:00:45]} Rh6 {[%clk 0:00:38]} 66. Ne7
{[%clk 0:00:46]} Rh7 {[%clk 0:00:58]} 67. Ke6 {[%clk 0:00:53]} Rxe7+
{[%clk 0:01:12]} 1/2-1/2

[Event "MR"]
[Site "Rzeszow"]
[Date "2017.11.10"]
[Round "5.4"]
[White "Augustyn, Jan"]
[Black "Wozniak, Marcin"]
[Result "1-0"]
[LiveChessVersion "1.4.8"]
[BlackElo "1886"]
[WhiteElo "1787"]

1. c4 {[%clk 1:30:50]} Nf6 {[%clk 1:30:51]} 2. Nc3 {[%clk 1:31:13]} e6
{[%clk 1:30:37]} 3. d4 {[%clk 1:30:15]} c5 {[%clk 1:28:55]} 4. d5
{[%clk 1:28:27]} exd5 {[%clk 0:56:53]} 5. cxd5 {[%clk 1:27:55]} d6
{[%clk 0:53:06]} 6. e4 {[%clk 1:26:49]} g6 {[%clk 0:50:06]} 7. Nf3
{[%clk 1:21:30]} Bg7 {[%clk 0:47:11]} 8. h3 {[%clk 1:13:47]} O-O {[%clk 0:46:08]}
9. Bd3 {[%clk 1:13:57]} a6 {[%clk 0:33:46]} 10. a4 {[%clk 1:14:09]} Re8
{[%clk 0:32:39]} 11. O-O {[%clk 1:14:19]} Nfd7 {[%clk 0:29:58]} 12. Qc2
{[%clk 1:02:02]} Ne5 {[%clk 0:29:51]} 13. Nxe5 {[%clk 1:02:06]} Bxe5
{[%clk 0:30:12]} 14. Bd2 {[%clk 0:59:31]} Qh4 {[%clk 0:25:56]} 15. f4
{[%clk 0:57:23]} Bd4+ {[%clk 0:16:58]} 16. Kh2 {[%clk 0:56:57]} Bf2
{[%clk 0:16:20]} 17. Ne2 {[%clk 0:55:08]} f5 {[%clk 0:05:26]} 18. Be1
{[%clk 0:36:29]} Bxe1 {[%clk 0:05:22]} 19. Raxe1 {[%clk 0:36:51]} fxe4
{[%clk 0:04:17]} 20. Bxe4 Qf6 {[%clk 0:03:51]} 21. Ng3 {[%clk 0:35:21]} Bd7
{[%clk 0:03:21]} 22. f5 {[%clk 0:28:50]} g5 {[%clk 0:03:05]} 23. Nh5
{[%clk 0:28:58]} Qh6 {[%clk 0:01:27]} 24. g4 {[%clk 0:21:14]} b5 {[%clk 0:01:09]}
25. f6 {[%clk 0:20:19]} Kf7 {[%clk 0:01:33]} 26. Bxh7 {[%clk 0:20:06]} Ra7
{[%clk 0:01:20]} 27. Bg6+ {[%clk 0:20:02]} Kf8 {[%clk 0:01:42]} 28. Bxe8
{[%clk 0:15:26]} Bxe8 {[%clk 0:02:08]} 29. Ng7 {[%clk 0:14:38]} Bg6
{[%clk 0:01:54]} 30. Nf5 {[%clk 0:11:58]} Qh8 {[%clk 0:01:44]} 31. Nxd6
{[%clk 0:11:57]} Rh7 {[%clk 0:01:28]} 32. Qc3 {[%clk 0:10:34]} Nd7
{[%clk 0:01:27]} 33. f7 {[%clk 0:08:35]} Ne5 {[%clk 0:01:55]} 34. Qxe5
{[%clk 0:05:00]} Rxh3+ {[%clk 0:02:12]} 35. Kg2 {[%clk 0:05:20]} Rh2+
{[%clk 0:01:36]} 36. Qxh2 {[%clk 0:05:38]} Qxb2+ {[%clk 0:02:01]} 37. Rf2
{[%clk 0:05:36]} Ke8 {[%clk 0:01:52]} 1-0

[Event "MR"]
[Site "Rzeszow"]
[Date "2017.11.11"]
[Round "6.1"]
[White "Pulik, Krzysztof"]
[Black "Kielb, Miroslaw"]
[Result "1-0"]
[LiveChessVersion "1.4.8"]
[BlackElo "1378"]
[WhiteElo "2135"]

1. e4 {[%clk 1:30:59]} e5 {[%clk 1:30:58]} 2. Nf3 {[%clk 1:31:20]} Nc6
{[%clk 1:31:23]} 3. Bc4 {[%clk 1:31:46]} Be7 {[%clk 1:31:25]} 4. O-O
{[%clk 1:28:26]} Nf6 {[%clk 1:28:24]} 5. d3 {[%clk 1:27:05]} d6 {[%clk 1:27:24]}
6. c3 {[%clk 1:26:38]} O-O {[%clk 1:26:23]} 7. Bb3 {[%clk 1:27:02]} Bg4
{[%clk 1:26:07]} 8. Nbd2 {[%clk 1:27:03]} d5 {[%clk 1:24:45]} 9. Qe2
{[%clk 1:26:34]} Bc5 {[%clk 1:24:10]} 10. h3 {[%clk 1:25:59]} Bxf3
{[%clk 1:24:05]} 11. Nxf3 {[%clk 1:24:55]} d4 {[%clk 1:22:16]} 12. Nh4
{[%clk 1:19:55]} g6 {[%clk 1:19:21]} 13. Bh6 {[%clk 1:17:29]} Re8
{[%clk 1:17:26]} 14. Nf3 {[%clk 1:17:45]} Bf8 {[%clk 1:16:43]} 15. Bd2
{[%clk 1:14:13]} Qd6 {[%clk 1:14:26]} 16. Rad1 {[%clk 1:09:16]} Rad8
{[%clk 1:10:22]} 17. Rfe1 {[%clk 1:00:06]} Nd7 {[%clk 1:05:14]} 18. cxd4
{[%clk 0:55:01]} Nxd4 {[%clk 1:04:23]} 19. Nxd4 {[%clk 0:55:25]} exd4
{[%clk 1:04:06]} 20. f4 {[%clk 0:54:24]} Nb6 {[%clk 0:54:01]} 21. Qf3
{[%clk 0:52:45]} c5 {[%clk 0:51:28]} 22. Re2 {[%clk 0:51:38]} Re7
{[%clk 0:51:07]} 23. g4 {[%clk 0:50:13]} Bg7 {[%clk 0:50:24]} 24. Rf1
{[%clk 0:49:29]} Kh8 {[%clk 0:49:21]} 25. g5 {[%clk 0:48:56]} Qc6
{[%clk 0:48:26]} 26. Rc1 {[%clk 0:47:57]} Nd7 {[%clk 0:47:20]} 27. h4
{[%clk 0:45:59]} b6 {[%clk 0:45:20]} 28. h5 {[%clk 0:45:17]} gxh5
{[%clk 0:45:20]} 29. Qxh5 {[%clk 0:44:56]} Qg6 {[%clk 0:44:39]} 30. Qh3
{[%clk 0:43:02]} Nf8 {[%clk 0:41:16]} 31. f5 {[%clk 0:42:32]} Qd6
{[%clk 0:41:10]} 32. f6 {[%clk 0:42:41]} Bxf6 {[%clk 0:41:04]} 33. gxf6
{[%clk 0:43:05]} Qxf6 {[%clk 0:41:28]} 34. Rf1 {[%clk 0:43:25]} Qg7+
{[%clk 0:41:08]} 35. Rg2 {[%clk 0:43:43]} Ng6 {[%clk 0:41:18]} 36. Bg5
{[%clk 0:44:03]} Rdd7 {[%clk 0:40:30]} 37. Bf6 {[%clk 0:44:25]} Kg8
{[%clk 0:40:35]} 38. Bxg7 {[%clk 0:44:48]} Kxg7 {[%clk 0:41:00]} 39. Rh2
{[%clk 0:44:57]} h5 {[%clk 0:39:17]} 40. Qxh5 {[%clk 0:45:14]} Re5
{[%clk 0:39:10]} 41. Qh6+ {[%clk 0:45:14]} Kg8 {[%clk 0:39:23]} 42. Qxg6+
{[%clk 0:45:36]} Kf8 {[%clk 0:39:20]} 43. Rh8+ {[%clk 0:45:56]} Ke7
{[%clk 0:39:35]} 44. Rxf7# 1-0

[Event "MR"]
[Site "Rzeszow"]
[Date "2017.11.11"]
[Round "6.2"]
[White "Marszalek, Maciej"]
[Black "Augustyn, Jan"]
[Result "1-0"]
[LiveChessVersion "1.4.8"]
[BlackElo "1787"]
[WhiteElo "2297"]

1. d4 {[%clk 1:30:55]} Nf6 {[%clk 1:29:49]} 2. c4 {[%clk 1:31:20]} g6
{[%clk 1:30:12]} 3. Nc3 {[%clk 1:31:45]} d5 {[%clk 1:30:20]} 4. Qb3
{[%clk 1:32:06]} c6 {[%clk 1:23:28]} 5. Nf3 {[%clk 1:30:07]} Bg7 {[%clk 1:23:40]}
6. cxd5 {[%clk 1:24:37]} Nxd5 {[%clk 1:22:46]} 7. e4 {[%clk 1:22:55]} Nxc3
{[%clk 1:21:41]} 8. bxc3 {[%clk 1:23:10]} O-O {[%clk 1:20:29]} 9. Be2
{[%clk 1:22:59]} c5 {[%clk 1:09:58]} 10. O-O {[%clk 1:22:37]} Nc6
{[%clk 1:09:33]} 11. d5 {[%clk 1:15:00]} Na5 {[%clk 1:07:43]} 12. Qc2
{[%clk 1:15:01]} Bg4 {[%clk 1:03:28]} 13. h3 {[%clk 1:13:43]} Bxf3
{[%clk 1:03:49]} 14. Bxf3 {[%clk 1:14:11]} Nc4 {[%clk 1:04:08]} 15. Rb1
{[%clk 1:14:19]} b6 {[%clk 1:01:16]} 16. Be2 {[%clk 1:14:31]} Nd6
{[%clk 1:00:38]} 17. Be3 {[%clk 1:14:12]} c4 {[%clk 0:53:46]} 18. Bf4
{[%clk 1:11:55]} Rc8 {[%clk 0:41:15]} 19. Rfd1 {[%clk 1:08:50]} Qd7
{[%clk 0:40:02]} 20. a4 {[%clk 1:07:33]} f5 21. e5 {[%clk 1:06:38]} Nb7
{[%clk 0:31:11]} 22. Rb4 {[%clk 1:06:05]} Na5 {[%clk 0:21:41]} 23. Bf3
{[%clk 1:05:25]} Rfd8 {[%clk 0:14:35]} 24. Qe2 {[%clk 1:03:22]} Qe8
{[%clk 0:10:01]} 25. h4 {[%clk 1:02:19]} h6 {[%clk 0:10:16]} 26. g4
{[%clk 1:01:10]} Qf7 {[%clk 0:08:21]} 27. gxf5 {[%clk 1:01:34]} Qxf5
{[%clk 0:08:15]} 28. Bg3 {[%clk 1:02:00]} Rc5 {[%clk 0:07:12]} 29. Bg4
{[%clk 1:00:28]} Qf8 {[%clk 0:06:30]} 30. Rb5 {[%clk 1:00:02]} Rxb5
{[%clk 0:04:58]} 31. axb5 {[%clk 1:00:30]} Qe8 {[%clk 0:05:10]} 32. Be6+
{[%clk 0:59:22]} Kh7 {[%clk 0:05:32]} 33. d6 {[%clk 0:54:59]} exd6
{[%clk 0:04:54]} 34. Rxd6 {[%clk 0:54:21]} Rxd6 {[%clk 0:01:58]} 35. exd6
{[%clk 0:54:33]} Qxb5 {[%clk 0:00:40]} 36. d7 {[%clk 0:54:30]} Nb7
{[%clk 0:01:01]} 37. Bc7 {[%clk 0:50:59]} Bf6 {[%clk 0:01:03]} 38. Qf3
{[%clk 0:50:25]} Bxh4 {[%clk 0:00:33]} 39. Qf7+ {[%clk 0:50:50]} 1-0

[Event "MR"]
[Site "Rzeszow"]
[Date "2017.11.11"]
[Round "6.3"]
[White "Janzer, Hubert"]
[Black "Wozniak, Maciej"]
[Result "1-0"]
[WhiteElo "1822"]
[BlackElo "2045"]
[Annotator "Szachy"]
[PlyCount "49"]
[EventDate "2017.??.??"]
[TimeControl "6000+965"]
[WhiteClock "0:54:49"]
[BlackClock "0:04:03"]

1. Nf3 Nf6 2. g3 g6 3. Bg2 Bg7 4. O-O O-O 5. c4 d5 6. cxd5 Nxd5 7. Nc3 c5 8. e3
Nxc3 9. bxc3 Bd7 10. d4 Bc6 11. Ba3 Na6 12. Qe2 Qa5 13. Bb2 Rfd8 14. e4 cxd4
15. Nxd4 Bxd4 16. cxd4 Bb5 17. Qe3 Bxf1 18. Bxf1 Rac8 19. d5 Qc5 20. Qh6 f6 21.
Bh3 Qb6 22. Be6+ Kh8 23. Rb1 Qd6 24. e5 fxe5 25. Qg5 1-0

[Event "MR"]
[Site "Rzeszow"]
[Date "2017.11.11"]
[Round "6.5"]
[White "Ziemniak, Piotr"]
[Black "Lesniak, Mateusz"]
[Result "1/2-1/2"]
[LiveChessVersion "1.4.8"]
[BlackElo "1543"]
[WhiteElo "1810"]

1. e4 {[%clk 1:30:57]} c5 {[%clk 1:29:35]} 2. Nf3 {[%clk 1:31:23]} e6
{[%clk 1:29:59]} 3. d4 {[%clk 1:31:36]} cxd4 {[%clk 1:30:21]} 4. Nxd4
{[%clk 1:32:01]} Nc6 {[%clk 1:30:48]} 5. Nc3 {[%clk 1:30:18]} a6 {[%clk 1:31:09]}
6. Be3 {[%clk 1:29:51]} Nf6 {[%clk 1:30:24]} 7. Be2 {[%clk 1:29:52]} Bb4
{[%clk 1:30:28]} 8. O-O {[%clk 1:27:53]} Bxc3 {[%clk 1:29:46]} 9. bxc3
{[%clk 1:22:53]} Nxe4 {[%clk 1:14:18]} 10. Qd3 {[%clk 1:22:19]} d5
{[%clk 1:14:26]} 11. Nxc6 {[%clk 1:17:32]} bxc6 {[%clk 1:14:46]} 12. f3
{[%clk 1:17:46]} Nd6 {[%clk 1:13:40]} 13. Bc5 {[%clk 1:17:48]} O-O
{[%clk 1:13:55]} 14. Rab1 {[%clk 1:06:58]} a5 {[%clk 1:06:34]} 15. Qd4
{[%clk 1:05:46]} Ba6 {[%clk 1:03:24]} 16. Bxa6 {[%clk 1:05:40]} Rxa6
{[%clk 1:03:50]} 17. Qf4 {[%clk 1:05:53]} e5 {[%clk 1:02:30]} 18. Qxe5
{[%clk 1:03:19]} Nc4 {[%clk 1:02:52]} 19. Qf4 {[%clk 1:03:00]} Re8
{[%clk 0:57:39]} 20. Rb7 {[%clk 0:59:37]} Qf6 {[%clk 0:52:13]} 21. Qc7
{[%clk 0:49:09]} Raa8 {[%clk 0:45:06]} 22. Bd4 {[%clk 0:48:22]} Qe6
{[%clk 0:43:40]} 23. Qg3 {[%clk 0:46:36]} Qg6 {[%clk 0:40:53]} 24. Qf4
{[%clk 0:45:58]} h6 {[%clk 0:28:54]} 25. Qg3 {[%clk 0:24:20]} Qxg3
{[%clk 0:26:28]} 26. hxg3 {[%clk 0:24:21]} Ne3 {[%clk 0:26:54]} 27. Rf2
{[%clk 0:22:07]} Re6 {[%clk 0:26:11]} 28. Re2 {[%clk 0:19:58]} Rae8
{[%clk 0:25:54]} 29. Rc7 {[%clk 0:19:32]} f6 {[%clk 0:21:28]} 30. Bxe3
{[%clk 0:19:26]} Rxe3 {[%clk 0:21:49]} 31. Rxe3 {[%clk 0:19:53]} Rxe3
{[%clk 0:22:14]} 32. Rxc6 {[%clk 0:20:20]} Re2 {[%clk 0:22:37]} 33. Rc5
{[%clk 0:20:33]} a4 {[%clk 0:22:13]} 34. Ra5 {[%clk 0:17:29]} Rxc2
{[%clk 0:22:23]} 35. Rxa4 {[%clk 0:17:41]} Rxc3 {[%clk 0:22:41]} 36. Rd4
{[%clk 0:17:22]} Ra3 {[%clk 0:22:58]} 37. Rd2 1/2-1/2

[Event "MR"]
[Site "Rzeszow"]
[Date "2017.11.11"]
[Round "7.1"]
[White "Lesniak, Mateusz"]
[Black "Pulik, Krzysztof"]
[Result "0-1"]
[LiveChessVersion "1.4.8"]
[BlackElo "2135"]
[WhiteElo "1543"]

1. d4 {[%clk 1:29:36]} d5 {[%clk 1:30:56]} 2. Nf3 {[%clk 1:30:00]} e6
{[%clk 1:31:21]} 3. g3 {[%clk 1:30:25]} Nf6 {[%clk 1:31:22]} 4. Bg2
{[%clk 1:30:48]} c5 {[%clk 1:31:00]} 5. c3 {[%clk 1:30:43]} b6 {[%clk 1:31:04]}
6. O-O {[%clk 1:31:04]} Bb7 {[%clk 1:31:23]} 7. Bg5 {[%clk 1:31:22]} Nbd7
{[%clk 1:31:17]} 8. Ne5 {[%clk 1:31:21]} Be7 {[%clk 1:27:54]} 9. Qa4
{[%clk 1:24:45]} Qc7 {[%clk 1:23:28]} 10. Bxf6 {[%clk 1:25:00]} Bxf6
{[%clk 1:22:56]} 11. Qxd7+ {[%clk 1:25:14]} Qxd7 {[%clk 1:23:21]} 12. Nxd7
{[%clk 1:25:40]} Kxd7 {[%clk 1:23:45]} 13. dxc5 {[%clk 1:26:01]} bxc5
{[%clk 1:23:58]} 14. Nd2 {[%clk 1:26:28]} Rab8 {[%clk 1:19:26]} 15. Rfe1
{[%clk 1:20:39]} Be7 {[%clk 1:11:54]} 16. b3 {[%clk 1:19:01]} f5 {[%clk 1:10:10]}
17. Rad1 {[%clk 1:18:47]} Kc7 {[%clk 1:05:18]} 18. e3 {[%clk 1:18:20]} Rhd8
{[%clk 0:48:20]} 19. c4 {[%clk 1:10:03]} Rd6 {[%clk 0:46:14]} 20. cxd5
{[%clk 1:09:39]} exd5 {[%clk 0:46:09]} 21. Rc1 {[%clk 1:09:27]} Kb6
{[%clk 0:43:11]} 22. f3 {[%clk 1:05:48]} Re6 {[%clk 0:38:53]} 23. Bh3
{[%clk 0:52:52]} g6 {[%clk 0:38:41]} 24. g4 {[%clk 0:53:20]} Bh4 {[%clk 0:36:06]}
25. Re2 {[%clk 0:52:00]} f4 {[%clk 0:30:34]} 26. e4 {[%clk 0:49:00]} Rbe8
{[%clk 0:30:52]} 27. Bf1 {[%clk 0:38:10]} g5 {[%clk 0:26:27]} 28. h3
{[%clk 0:35:11]} Bc6 {[%clk 0:21:33]} 29. exd5 {[%clk 0:32:49]} Rxe2
{[%clk 0:21:54]} 30. Bxe2 {[%clk 0:32:27]} Rxe2 {[%clk 0:21:28]} 31. Nc4+
{[%clk 0:32:41]} Kc7 {[%clk 0:21:48]} 32. dxc6 {[%clk 0:32:41]} Rxa2
{[%clk 0:21:31]} 33. Ne5 {[%clk 0:32:38]} Bf2+ {[%clk 0:19:11]} 34. Kf1
{[%clk 0:33:04]} Bd4 {[%clk 0:18:47]} 35. Nf7 {[%clk 0:32:27]} Rf2+
{[%clk 0:18:20]} 36. Ke1 {[%clk 0:32:36]} h6 {[%clk 0:18:45]} 37. Nxh6
{[%clk 0:29:54]} Rxf3 {[%clk 0:18:23]} 38. Nf7 {[%clk 0:28:38]} Rxh3
{[%clk 0:18:07]} 39. Nxg5 {[%clk 0:28:44]} Rh1+ {[%clk 0:18:31]} 0-1

[Event "MR"]
[Site "Rzeszow"]
[Date "2017.11.11"]
[Round "7.2"]
[White "Marszalek, Maciej"]
[Black "Janzer, Hubert"]
[Result "1-0"]
[LiveChessVersion "1.4.8"]
[BlackElo "1822"]
[WhiteElo "2297"]

1. d4 {[%clk 1:30:54]} Nf6 {[%clk 1:30:54]} 2. Nf3 {[%clk 1:31:18]} d5
{[%clk 1:31:01]} 3. c4 {[%clk 1:31:42]} e6 {[%clk 1:30:51]} 4. Nc3
{[%clk 1:31:59]} c5 {[%clk 1:30:39]} 5. cxd5 {[%clk 1:32:22]} Nxd5
{[%clk 1:30:43]} 6. e3 {[%clk 1:32:41]} cxd4 {[%clk 1:30:44]} 7. exd4
{[%clk 1:32:51]} Bb4 {[%clk 1:30:26]} 8. Bd2 {[%clk 1:32:57]} Nc6
{[%clk 1:28:30]} 9. a3 {[%clk 1:32:29]} Be7 {[%clk 1:28:04]} 10. Bd3
{[%clk 1:31:29]} Bf6 {[%clk 1:27:25]} 11. O-O {[%clk 1:23:23]} O-O
{[%clk 1:27:20]} 12. Be3 {[%clk 1:21:40]} g6 {[%clk 1:24:28]} 13. Bh6
{[%clk 1:10:49]} Re8 {[%clk 1:23:54]} 14. Ne4 {[%clk 1:09:42]} Bh8
{[%clk 1:20:05]} 15. Bb5 {[%clk 1:05:12]} Qb6 {[%clk 1:11:28]} 16. a4
{[%clk 1:03:42]} Rd8 {[%clk 1:11:04]} 17. Bg5 {[%clk 1:01:18]} f6
{[%clk 1:06:04]} 18. Bh4 {[%clk 1:01:27]} Nce7 {[%clk 0:59:47]} 19. Qe2
{[%clk 0:58:03]} Bd7 {[%clk 0:52:57]} 20. Bxd7 {[%clk 0:57:58]} Rxd7
{[%clk 0:52:32]} 21. Nc5 {[%clk 0:57:58]} Rd6 {[%clk 0:52:41]} 22. Bg3
{[%clk 0:57:57]} Rc6 {[%clk 0:52:31]} 23. a5 {[%clk 0:58:11]} Qd8
{[%clk 0:49:46]} 24. Nxb7 {[%clk 0:57:35]} Qc8 {[%clk 0:49:18]} 25. Nd6
{[%clk 0:57:48]} Qd7 {[%clk 0:48:41]} 26. Ne4 {[%clk 0:58:08]} Nf5
{[%clk 0:47:05]} 27. Rfe1 {[%clk 0:57:50]} Nxg3 {[%clk 0:47:26]} 28. hxg3
{[%clk 0:58:18]} Kf7 {[%clk 0:44:28]} 29. Rac1 {[%clk 0:56:38]} Rac8
{[%clk 0:40:26]} 30. Rc5 {[%clk 0:56:55]} Bg7 {[%clk 0:39:06]} 31. Rxc6
{[%clk 0:48:49]} Rxc6 {[%clk 0:39:06]} 32. Nc5 {[%clk 0:48:16]} Qc8
{[%clk 0:38:50]} 33. Qc4 {[%clk 0:48:19]} Bf8 {[%clk 0:36:10]} 34. b4
{[%clk 0:48:36]} a6 {[%clk 0:36:17]} 35. Qb3 {[%clk 0:47:57]} Bxc5
{[%clk 0:32:07]} 36. bxc5 {[%clk 0:48:14]} Qd7 {[%clk 0:31:31]} 37. Nd2
{[%clk 0:45:55]} Ne7 {[%clk 0:30:19]} 38. Qc4 {[%clk 0:42:24]} Qd5
{[%clk 0:28:52]} 39. Qxd5 {[%clk 0:39:15]} Nxd5 {[%clk 0:28:48]} 40. Nc4
{[%clk 0:38:25]} Nc3 {[%clk 0:27:17]} 41. Nd6+ {[%clk 0:38:45]} Ke7
{[%clk 0:26:00]} 42. f4 {[%clk 0:38:41]} Kd7 {[%clk 0:22:35]} 43. Kf2
{[%clk 0:39:01]} Rc7 {[%clk 0:21:55]} 44. Ke3 {[%clk 0:35:08]} e5
{[%clk 0:19:19]} 45. Kd3 {[%clk 0:32:35]} exd4 {[%clk 0:19:18]} 46. Kxd4
{[%clk 0:32:58]} Na4 {[%clk 0:18:29]} 47. Ne4 {[%clk 0:31:44]} f5
{[%clk 0:17:38]} 48. Ra1 {[%clk 0:30:22]} fxe4 {[%clk 0:17:43]} 49. Rxa4
{[%clk 0:30:50]} e3 {[%clk 0:16:45]} 50. Ra3 {[%clk 0:30:38]} e2 {[%clk 0:15:44]}
51. Re3 {[%clk 0:31:05]} Kc6 {[%clk 0:15:42]} 52. Rxe2 {[%clk 0:31:33]} Kb5
{[%clk 0:15:37]} 53. Rb2+ {[%clk 0:31:59]} 1-0

[Event "MR"]
[Site "Rzeszow"]
[Date "2017.11.11"]
[Round "7.3"]
[White "Wozniak, Maciej"]
[Black "Swigon, Tomasz"]
[Result "1-0"]
[LiveChessVersion "1.4.8"]
[BlackElo "1837"]
[WhiteElo "2045"]

1. e4 {[%clk 1:30:54]} c5 {[%clk 1:30:55]} 2. Nf3 {[%clk 1:31:09]} d6
{[%clk 1:31:18]} 3. d4 {[%clk 1:31:32]} cxd4 {[%clk 1:31:43]} 4. Nxd4
{[%clk 1:31:52]} Nf6 {[%clk 1:32:08]} 5. Nc3 {[%clk 1:32:13]} a6 {[%clk 1:32:32]}
6. Bg5 {[%clk 1:32:34]} Nbd7 {[%clk 1:32:55]} 7. Qe2 {[%clk 1:32:52]} e6
{[%clk 1:32:37]} 8. O-O-O {[%clk 1:32:29]} Be7 {[%clk 1:32:22]} 9. f4
{[%clk 1:29:58]} Qc7 {[%clk 1:32:26]} 10. g4 {[%clk 1:27:38]} h6 {[%clk 1:30:46]}
11. Bh4 {[%clk 1:24:34]} g5 {[%clk 1:31:02]} 12. fxg5 {[%clk 1:08:49]} Nh7
{[%clk 1:31:19]} 13. Bg3 {[%clk 1:00:25]} hxg5 {[%clk 1:31:22]} 14. Bg2
{[%clk 0:56:46]} Ne5 {[%clk 1:31:47]} 15. Kb1 {[%clk 0:52:22]} Bd7
{[%clk 1:32:04]} 16. Nf3 {[%clk 0:50:08]} Nc4 {[%clk 1:31:29]} 17. e5
{[%clk 0:49:32]} Rc8 {[%clk 1:30:03]} 18. Nd5 {[%clk 0:31:04]} exd5
{[%clk 1:28:16]} 19. exd6 {[%clk 0:31:25]} Nxd6 {[%clk 1:28:36]} 20. Rhe1
{[%clk 0:30:59]} Be6 {[%clk 1:28:38]} 21. Nd4 {[%clk 0:29:56]} Nf8
{[%clk 1:24:11]} 22. Nf5 {[%clk 0:24:46]} Qb6 {[%clk 1:02:15]} 23. Bxd5
{[%clk 0:15:58]} Nxf5 {[%clk 0:49:57]} 24. gxf5 {[%clk 0:16:06]} Rh6
{[%clk 0:50:08]} 25. fxe6 {[%clk 0:14:51]} Nxe6 {[%clk 0:50:31]} 26. Qe4
{[%clk 0:13:21]} Bf6 {[%clk 0:41:51]} 27. Be5 {[%clk 0:13:32]} Bxe5
{[%clk 0:41:02]} 28. Qxe5 {[%clk 0:13:54]} Qc7 {[%clk 0:41:11]} 29. Qf5
{[%clk 0:11:43]} Qe7 {[%clk 0:36:45]} 30. Re5 {[%clk 0:04:05]} Rf6
{[%clk 0:31:46]} 31. Qh7 {[%clk 0:03:51]} Qc5 {[%clk 0:28:06]} 32. Rde1
{[%clk 0:03:23]} Rd8 {[%clk 0:27:58]} 33. Bxe6 {[%clk 0:00:53]} Rd1+
{[%clk 0:26:43]} 34. Rxd1 {[%clk 0:01:12]} Qxe5 {[%clk 0:26:52]} 35. Qg8+
{[%clk 0:01:23]} Ke7 {[%clk 0:27:14]} 36. Qd8+ {[%clk 0:01:44]} Kxe6
{[%clk 0:27:36]} 37. Qd7# Kd5 1-0